| 000 | 00997nam a2200253 i 4500 | ||
|---|---|---|---|
| 001 | 118121 | ||
| 005 | 20230410142402.0 | ||
| 008 | 140926s2004 cn rb 000 0 fre d | ||
| 020 | _a9782761919715 | ||
| 041 | 0 | _afre | |
| 050 | 1 | 4 |
_a _bN335 2004 |
| 100 | 1 | _aNazare - Aga, Isabelle | |
| 245 | 0 | 0 |
_aLes manipulateurs sont parmi nous / _bQui sont-ils? comment s'en protéger ? _cIsabelle Nazare - Aga |
| 260 |
_aMontréal : _bÉditions de l'Homme _c2004 |
||
| 300 |
_a286 p. : _b23 cm. |
||
| 500 | _aContient Bibliographie | ||
| 505 | 0 | _aQui sont les manipulateurs ? -- Comment se protéger des manipulateurs. | |
| 520 | _aPrésente les caractéristiques permettant d'identifier les diverses personnalités manipulatrices, qu'elles soient sympathiques, séduisantes, altruistes, réservées, cultivées ou même tyranniques. | ||
| 650 | 0 | _aManipulation (Psychologie) | |
| 650 | 0 | _aManipulative behavior. | |
| 650 | 0 | _amanipulation (psychosociologie) | |
| 942 |
_2lcc _cbk |
||
| 946 | _aIMRO | ||
| 999 |
_c94740 _d94740 |
||